[Event "Hoogeveen Essent op"]
[Site "Hoogoveen"]
[Date "2005.10.26"]
[Round "6"]
[White "Baklan, Vladimir"]
[Black "Atalik, Suat"]
[Result "1/2-1/2"]
[WhiteElo "2590"]
[BlackElo "2620"]
[Annotator "Atalik,S"]
[PlyCount "236"]
[EventDate "2005.10.21"]
[EventType "swiss"]
[EventRounds "9"]
[EventCountry "NED"]
[SourceTitle "EXT 2006"]
[Source "ChessBase"]
[SourceDate "2005.11.24"]
[SourceVersion "1"]
[SourceVersionDate "2005.11.24"]
[SourceQuality "1"]

1. e4 e5 2. Nf3 Nc6 3. d4 exd4 4. Nxd4 Bc5 5. Be3 Qf6 6. c3 d6 $5 {Graf's move
which is no worse than} ({the customary.} 6... Nge7 7. Bc4 Ne5 8. Be2 Qg6 9.
O-O d6 10. f3 O-O 11. Kh1 d5 12. Nd2 dxe4 13. fxe4 $13) 7. Be2 Bd7 8. O-O Nge7
9. f4 O-O-O $6 {I have got pumped up with the win demanding tournament
situation.} (9... O-O 10. Qd2 Rfd8 $1 $13 {was a safer choice.}) 10. Qd2 (10.
Kh1 $142 {was an alternative.}) 10... Bxd4 11. cxd4 d5 12. b4 $1 ({I was
expecting} 12. e5 $6 Qg6 13. b4 Bh3 14. Bf3 Nf5 15. b5 Nce7 $15) 12... dxe4 13.
b5 Nb8 14. Nc3 Qg6 $1 15. Rac1 $2 {He had a fantastic move.} (15. f5 $3 {
I was really afraid of this.It opens c line and b8-h2 diagonal for white
simultaneously.} Bxf5 (15... Nxf5 16. Bf4 e3 17. Qc1 $1 (17. Qc2 $2 Nxd4 18.
Nd5 Nbc6 $1 19. Ne7+ Kb8 20. Nxg6 Nxc2 21. bxc6 hxg6 22. cxd7 Nxa1 23. Rxa1
Rxd7 $19) (17. Qd3 Nxd4 18. Nd5 Nxe2+ 19. Qxe2 Rhe8 20. Rac1 c6 21. Nxe3 $44)
17... Nxd4 18. Bxc7 $1 Nxe2+ 19. Nxe2 Bxb5 20. Bxd8+ Nc6 21. Qb2 $16) 16. Rac1
Rd7 (16... Nd7 $2 17. Bf4 Nc5 18. Na4 $1 Ne6 19. b6 $18) 17. Bc4 $44) 15... Bh3
16. Rf2 Nf5 $1 17. Nxe4 Rhe8 18. Bd3 Nxe3 19. Qxe3 Bf5 20. Nd6+ Qxd6 21. Bxf5+
Nd7 22. Qc3 g6 23. Bh3 Kb8 24. Rfc2 Rc8 $17 {After couple of forced moves I
have forced him into a position with weak pawns.} 25. f5 {Draw offer.} g5 26.
g3 (26. f6 Re4) 26... Re4 27. Rd2 Nf6 28. Bg2 Rd8 $1 29. Kh1 g4 $6 {This was
unnecessary.} (29... Rd7 30. Rcd1 Rde7 $17) 30. a4 Re7 31. Qb3 Qd7 32. Rf1 Qe8
33. a5 $2 (33. Rdd1 $1 Re2 34. a5 Ne4 35. b6 cxb6 36. axb6 a6 37. Rc1 Rxd4 38.
Rc7 Rdd2 39. Qc4 Rc2 40. Qxf7 Nf2+ 41. Kg1 Nh3+ 42. Kh1 $11) 33... Re1 34. Rd1
$2 {This drops a pawn.} Rxd1 35. Qxd1 Qxb5 36. a6 $5 {Interesting practical
decision.Being a pawn down and lost he gives another pawn just like that.} Qxa6
37. Qb3 Qb6 (37... Rd7 $2 38. Qb4 c6 39. Qf8+ Kc7 40. Qg7 $44) (37... Rf8 $2
38. Rb1 c6 39. Qb4 $18) (37... Nd5 $2 38. Rb1 c6 39. f6 $132) 38. Qxf7 Qxd4 39.
Qe6 $5 {Tricky play.} (39. Qb3 Qb6 40. Qc2 c6 41. Rb1 Rd2 $1 42. Qc1 Qf2 43.
Rxb7+ Ka8 $1 $19) 39... Re8 $6 {I had a bunch of better alternatives.} (39...
Rd6 40. Qb3 Rb6 41. Qf7 a5 42. Qf8+ Ka7 43. Qa3 Rb5 $19) (39... Qc3 40. Rb1 b6
$19) (39... Qb6 40. Qa2 c6 41. Rb1 Rd2 42. Qa1 Qf2 43. Qe5+ Ka8 44. Rg1 Qd4 45.
Qe6 Kb8 $19) (39... Qb2 40. Qe7 Re8 41. Qc5 c6 (41... Re2 42. Qf8+ Ne8 $2 43.
f6) 42. Qd6+ Kc8 43. Qc5 Re2 44. Rd1 Qe5 45. Qxa7 Re1+ 46. Rxe1 Qxe1+ 47. Qg1
Qxg1+ 48. Kxg1 Kd7 $19) 40. Qb3 b6 $6 {I have played this with a real blunder
in mind.} (40... Ne4 41. f6) (40... Qb6 $142 41. Qc2 Qb4 $19 {is the most
accurate winning plan.}) 41. Rd1 Qe5 ({And in the nick of time I have realised
} 41... Qf2 $4 42. Qe6 $1 $18) 42. Bc6 (42. Qc4 c5) 42... Rf8 $2 {With
continous time trouble I have continued to abuse my position.} (42... Qxf5 $1
43. Bxe8 (43. Qf7 Rc8 $1 44. Qc4 Rf8 45. Qa6 Qc8 46. Qa4 a6 $19) 43... Qe4+ $1
44. Kg1 Qxe8 $19 {should have won with 3 pawns up.}) 43. Qa3 (43. Qe6 Qc3 $17 (
43... Qc5 $4 44. Qxf6)) 43... Qc5 44. Qxc5 bxc5 45. Rc1 $17 {I have
underestimated the toughness of this ending.} a5 $6 {I have played this
natural move a little bit too quick.} (45... Rd8 46. Rxc5) (45... a6 46. Rxc5
Ka7 $17 {Was more patient.}) 46. Rxc5 Ka7 47. Ba4 (47. Rxa5+ $2 Kb6 48. Ra8
Rxa8 49. Bxa8 Kc5 $19) (47. Bg2 Kb6 48. Rc6+ Kb5 49. Rxc7 a4 $17) 47... Kb6 48.
Rb5+ Ka6 49. Rc5 Ne4 50. Rxc7 Rxf5 51. Bc2 $1 (51. Rxh7 Nf2+ 52. Kg2 Nh3 53.
Rxh3 gxh3+ 54. Kxh3 {looks drawish but in my opinion it is lost because h and
g pawns are not advanced enough.} Rh5+ 55. Kg2 $1 (55. Kg4 $2 Rxh2 56. Kf5 Ra2
57. Bd1 Rf2+ 58. Ke5 (58. Ke4 Kb5 59. g4 a4) 58... Rg2 59. g4 Kb5 60. Kf5 a4
61. Bxa4+ Kxa4 62. g5 Kb5 63. g6 Kc6 64. Kf6 Kd7 $19) 55... Rd5 (55... Rb5 56.
h4 Rb4 57. Bd7 a4 58. h5 a3 59. Be6 Rb2+ 60. Kh3 a2 61. Bxa2 Rxa2 $11) 56. h4
Rd4 57. Be8 a4 58. h5 a3 59. Bf7 Kb5 60. Kh3 Rc4 $19) 51... Nf2+ $2 {I had 3
alternatives and I have chosen the worst one once again.} (51... Rc5 $2 {
It is unbelievable but this does not win.} 52. Rxc5 Nxc5 53. Bxh7 $1 {The move
order is really important.First the bishop should be installed on a2-g8
diagonal.} (53. Kg2 $2 Kb5 54. h3 h5 55. hxg4 hxg4 56. Kf2 Kb4 57. Ke3 Kc3 58.
Bg6 a4 59. Bf7 Nb3 $19) (53. h3 $2 h5 $1 (53... gxh3 54. Kh2 Kb5 55. Kxh3) 54.
Bg6 a4 55. Bxh5 gxh3 56. Kh2 Ka5 57. Kxh3 Kb4 58. Bf7 a3 59. Ba2 Kc3 60. g4 Kb2
$19) 53... a4 54. Bg8 $1 (54. h4 $2 gxh3 55. Kh2 Ne6 $3 56. Bd3+ Ka5 57. Kxh3
Kb4 58. Bf5 (58. Bb1 Kb3 59. Bg6 Kb2 $19) 58... Ng5+ 59. Kg4 a3 60. Bb1 Kb3 61.
Kxg5 Kb2 $19) (54. Kg2 $2 Kb5 55. h3 gxh3+ 56. Kxh3 Kb4 57. g4 a3 58. Bb1 Kb3
59. g5 Kb2 60. g6 Ne6 $19) 54... Kb5 (54... a3 55. h4 gxh3 56. Kh2 $11) 55. h4
gxh3 56. Kh2 Kb4 57. g4 Nb3 58. g5 a3 59. Bxb3 Kxb3 60. g6 a2 61. g7 a1=Q 62.
g8=Q+ $11) (51... Re5 $142 52. Kg2 (52. Bxe4 Rxe4 53. Rxh7 a4 54. Rh8 Kb7 55.
Rh5 Kb6 56. Rh8 Re7 57. Rb8+ Rb7 58. Ra8 Ra7 59. Rf8 a3 60. Rf1 Kc5 61. h3 gxh3
62. Kh2 a2 63. Ra1 Kd4 64. Kxh3 Kc3 65. g4 Kb2 66. Rxa2+ Rxa2 67. g5 Kc3 68.
Kg4 Kd4 69. Kf5 Kd5 $1 $19 {is only move to win.}) 52... h5 $17) 52. Kg2 Rf6
53. Bxh7 Nd1 54. Bd3+ (54. Re7 $2 a4) 54... Kb6 55. Rc1 Rf2+ 56. Kg1 Rd2 57.
Bf5 Ne3 58. Bc8 (58. Be6 Rg2+ 59. Kh1 Rf2) 58... a4 59. h3 gxh3 (59... Rg2+ {
is trickier but should not change the result.} 60. Kh1 Rxg3 61. hxg4 Nxg4 62.
Rc4 $1 $11) 60. Bxh3 a3 (60... Nc2 61. Rb1+ (61. Bf5 Nd4) 61... Kc5 62. Rb2
Rd1+ 63. Kf2 Nb4 64. Re2 a3 65. Be6 $11) (60... Ka5 $142 {looks the best under
the circumstances.} 61. Be6 Rg2+ 62. Kh1 Rxg3 63. Rc8 a3 64. Ra8+ Kb4 65. Rb8+
Kc5 66. Ra8 $15) 61. Be6 Rg2+ 62. Kh1 Rxg3 63. Kh2 Rg6 64. Rc3 $1 $11 {R+N vs
R is easy to defend.} Nf1+ (64... Nc2 65. Bc4 Rc6 66. Rxc2 Ka5 67. Ra2 $1 $11)
65. Kh3 Rxe6 66. Rxa3 Kc5 67. Kg4 Ne3+ 68. Kf4 Nd5+ 69. Kf5 Re1 70. Ra8 Rf1+
71. Ke5 Nb6 72. Ra5+ Kc6 73. Ra2 Re1+ 74. Kd4 Rd1+ 75. Ke4 Kc5 76. Ra5+ Kb4 77.
Ra6 Nc4 78. Ra8 Re1+ 79. Kd4 Rd1+ 80. Ke4 Nb6 81. Ra7 Kc5 82. Rc7+ Kd6 83. Rb7
Nd5 84. Ra7 Nc3+ 85. Ke3 Kc5 86. Rc7+ Kb4 87. Rb7+ Kc4 88. Rc7+ Kb3 89. Rc8 Rd7
90. Kf4 Re7 91. Kf5 Kb4 92. Kf6 Re1 93. Kf5 Nd5 94. Kg5 Rf1 95. Kg4 Kb5 96. Kg3
Nb6 97. Rc2 Nc4 98. Ra2 Kc5 99. Ra8 Kd4 100. Ra4 Rf8 101. Kg4 Kd5 102. Kg5 Nd6
103. Ra5+ Ke6 104. Kg4 Nc4 105. Rc5 Ne5+ 106. Kg3 Rf3+ 107. Kg2 Rd3 108. Kf2
Kf5 109. Ke2 Rd4 110. Ke3 Re4+ 111. Kd2 Kf4 112. Kc3 Ke3 113. Rc8 Nd3 114. Rd8
Ne5 115. Rd5 Rc4+ 116. Kb3 Re4 117. Kc3 Kf4 118. Ra5 Re3+ {This draw had an
interesting effect on our tournaments.Baklan won it with some further wins and
could only be 8th drawing rest of my games.} 1/2-1/2

[Event "Kavala op 19th"]
[Site "Kavala"]
[Date "2010.08.02"]
[Round "4"]
[White "Tukhaev, Adam"]
[Black "Atalik, Suat"]
[Result "1-0"]
[WhiteElo "2518"]
[BlackElo "2607"]
[Annotator "Atalik,S"]
[PlyCount "91"]
[EventDate "2010.07.30"]
[EventType "swiss"]
[EventRounds "9"]
[EventCountry "GRE"]
[SourceTitle "CBM 137 Extra"]
[Source "ChessBase"]
[SourceDate "2010.09.01"]
[SourceVersion "1"]
[SourceVersionDate "2010.09.01"]
[SourceQuality "1"]

1. e4 e5 2. Nf3 Nc6 3. d4 {The Scotch, one of the openings I have to study
constantly. In this very tournament my only loss came against the talented
Ukranian grandmaster Tukhaev.} exd4 4. Nxd4 Bc5 ({I should have returned to} 
4... Nf6 5. Nxc6 bxc6 6. e5 Qe7 7. Qe2 Nd5 {is the stem position in this line.}
8. c4 (8. Nd2 g6 9. c4 Nf4 (9... Ba6 $5 10. Nf3 Qb4+ 11. Kd1 Rb8 12. Qc2 Ne7
13. Bd3 $14) 10. Qe4 (10. Qe3 Bh6) 10... Ne6 11. b3 Bh6 $5) (8. h4 {Granda
Zuniga's line looks funny.} a5 $5 9. c4 Nb6) (8. g3 $5 g6 9. c4 Nb6 10. b3 Bg7
11. Bb2 O-O 12. Bg2 Re8 13. O-O (13. f4 f6 14. O-O fxe5 15. fxe5 (15. Re1 $2
exf4) 15... Bxe5 16. Bxe5 Qxe5 17. Qf2 Bb7 {and I doubt if White has enough
compensation.}) 13... Bxe5 14. Bxe5 Qxe5 15. Qxe5 Rxe5 16. Nc3 Bb7 {is also no
good for white.}) 8... Nb6 (8... Ba6 9. b3 (9. h4 f6 10. Rh3 fxe5 11. Ra3 Nb4
12. Nc3 Qxh4 13. g3 Qd4 14. Rxa6 Nxa6 15. Bf4 O-O-O $19) (9. Qe4 Nb4 10. Nc3 (
10. a3 d5) 10... Rd8 11. Bf4 d5 12. exd6 Nc2+ 13. Kd2 Qxe4 14. Nxe4 Nxa1 15. c5
Bxf1 16. Rxf1 $44) (9. g3 O-O-O 10. Bg2 Re8 11. O-O Nb6 12. Re1 Bxc4 13. Qc2
Bd5 $17) (9. Nd2 O-O-O 10. b3 d6 11. Qg4+ Kb8 12. cxd5 Qxe5+ 13. Qe4 Qxa1 14.
Qb4+ Bb5 $1 15. Bxb5 Qxc1+ 16. Ke2 Qc5 17. Qxc5 dxc5 18. Bxc6 $44) 9... O-O-O (
9... g6 10. g3 Bg7 11. Bb2 O-O 12. Bg2 Rae8 13. O-O Bxe5 14. Qxe5 Qxe5 15. Bxe5
Rxe5 16. cxd5 Bxf1 17. Kxf1 cxd5 18. f4 (18. Nc3 c6 $11) 18... Re3 19. Bxd5 Rd3
20. Bf3 Re8 21. Kf2 c6 22. Be2 Rde3 23. Bd1 Rd3 $11) 10. g3 (10. Bb2 $2 Qg5 11.
Nd2 Bb4 12. g3 Nc3 13. f4 Qg6 14. Qe3 Nb1 $1 $17 {is the idea.}) 10... g5 11.
Bb2 Bg7 12. Bg2 Rde8 13. O-O Bxe5 14. Bxe5 Qxe5 15. Qxe5 Rxe5 16. cxd5 Bxf1 17.
Kxf1 cxd5 18. Nc3 c6 $13 {is the typical endgame.}) 9. Nc3 (9. b3 g6 (9... a5
$5 10. Ba3 Qg5 11. Bxf8 Qc1+ 12. Qd1 Qxd1+ 13. Kxd1 Rxf8 14. Bd3 a4 15. b4 Ba6
16. Nd2 O-O-O 17. Kc2 d6 18. exd6 Rxd6 19. Rhe1 Rfd8 20. Re3 Kb8 21. Rae1 f5
$16) (9... Qe6 10. Bb2 a5 11. Nd2 a4 12. Qe3 (12. g3 Bb4 13. Bg2 O-O 14. O-O d5
15. Nf3 Qg4 $13) 12... Bb4 13. Bd3 d5 14. O-O Bxd2 15. Qxd2 dxc4 16. bxc4 Ba6
17. Qg5 $44) 10. Bb2 Bg7 11. Nd2 O-O $32) (9. g3 g6 {is a direct transposition.
} 10. b3 Bg7 11. f4 d6 12. Bg2 dxe5 (12... Bb7 13. Ba3 f6 14. c5 fxe5 15. cxb6
exf4 16. bxc7 Qxe2+ 17. Kxe2 Kd7 18. Nd2 Rae8+ 19. Kd3 Re3+ 20. Kc2 Bxa1 21.
Rxa1 fxg3 22. hxg3 Rxg3 23. Rg1 Rxg2 24. Rxg2 c5 25. Rf2 Bd5 26. Nc4 Kxc7 27.
Rf6 $16) 13. Bxc6+ Bd7 14. Bxa8 exf4 15. Qxe7+ Kxe7 16. Ba3+ Kd8 $17) (9. Nd2
Qe6 10. b3 a5 11. Bb2 a4 12. g3 Bb4 13. f4 axb3 14. axb3 Rxa1+ 15. Bxa1 O-O 16.
Bg2 d5 17. O-O Rd8 $13) 9... Qe6 10. Qe4 Ba6 (10... g6 11. f4 (11. Bd3 Bg7 12.
f4 O-O 13. O-O (13. c5 Nd5 14. Bc4 Bb7 15. O-O d6 $17) 13... Ba6 14. b3 f5 15.
Qf3 d6 16. Qxc6 Qe8 17. Qxe8 Rfxe8 18. Be3 dxe5 19. Rac1 Rad8 20. Rfd1 exf4 21.
Bxf4 Rd4 22. g3 Red8 23. Be2 Rxd1+ 24. Rxd1 Rxd1+ 25. Nxd1 Bd4+ 26. Be3 Bxe3+
27. Nxe3 c5 $11) 11... d5 12. Qc2 Bb4 13. a3 Bxc3+ 14. Qxc3 dxc4 15. Be2 O-O
16. O-O f6 17. Bf3 $44) 11. b3 Bb4 12. Bd2 Bxc3 13. Bxc3 d5 14. Qh4 dxc4 15.
Rc1 Qg6 $1 16. Bb4 f6 17. Qh3 (17. exf6 $2 Kf7) 17... Bc8 18. Qf3 (18. Qg3 Nd5
19. Qxg6+ hxg6 20. Rxc4 Ba6 21. Re4 f5 22. Rd4 Bxf1 23. Kxf1 {looks very
similar to the main line.}) 18... Nd5 19. Rxc4 Qb1+ 20. Qd1 Qxd1+ 21. Kxd1 Ba6
22. Re4 f5 23. Rd4 Bxf1 24. Rxf1 Kd7 $11) 5. Nxc6 {I believe this is better
than the other moves.} Qf6 6. Qf3 (6. Qd2 {is the old move.} dxc6 7. Nc3 Bd4 8.
Nd1 (8. Bc4 Be6 9. Bxe6 fxe6 10. O-O O-O-O $132) (8. Bd3 Ne7 9. O-O (9. Nd1 $5)
9... Ng6 10. Kh1 Ne5 11. Be2 Ng4 12. Nd1 O-O 13. h3 Rd8 $40) 8... Be6 9. Qg5
Qg6 $13) (6. Qe2 bxc6 7. Nc3 Ne7 8. Be3 Ba3 $1) 6... bxc6 7. Nd2 d6 8. Nb3 Bb6
{I believe in Black's chances in this position.} 9. a4 (9. Bd2 $5 Qxf3 10. gxf3
Ne7 11. a4 (11. Rg1 O-O) 11... a5 {transposes to the game.}) 9... a5 10. Bd2
Qxf3 11. gxf3 Ne7 12. Be3 $146 (12. Rg1 O-O 13. Be3 Bxe3 14. fxe3 c5 15. O-O-O
Bb7 (15... Be6 16. Nd2 f5 17. e5 $1 $44) 16. Bb5 Bc6 17. e5 Rfd8 18. exd6 cxd6
$14 {is known.}) 12... Be6 (12... Bxe3 13. fxe3 f5 $132 (13... O-O 14. O-O-O c5
15. e5 $1)) 13. O-O-O $6 {I did not expect this move.} (13. Nd4 Bxd4 14. Bxd4
f6 15. f4 (15. Rg1 Kf7 16. f4 g6 17. O-O-O $14) 15... f5 $1 $132 {was my idea.}
) 13... Bxe3+ 14. fxe3 Bxb3 15. cxb3 O-O (15... f5 $5 16. exf5 Nxf5 17. e4 Nh4
$36) 16. Bc4 {This was the critical position in the game. I knew that Black
was supposed to be better alas I had difficulties to chose among many
different lines.} Rfe8 (16... Rae8 17. Rhg1 Ng6 18. Rg5 Re5 19. Rdg1 Rfe8 $15)
(16... Ng6 17. Rhg1 Rfe8 18. Rg5 Ne5 19. Be2 f6 $15) (16... Nc8 17. Rhg1 Nb6
18. Rg5 g6 19. e5 d5 20. Bd3 Nd7 21. e4 Rad8 $15) 17. e5 $5 {An inspired idea.}
(17. Rhg1 g6 (17... Ng6 18. Rg5 Re5 19. h4) 18. f4 Kg7 {and White is not doing
fine.}) 17... d5 ({Obviously nothing was clear after accepting the pawn sac.} 
17... dxe5 18. Rd7 Ra7 $11 {However my troops lacked mobility in case.}) (17...
Rad8 18. exd6 cxd6 19. e4 Ng6 20. Rd4 Kf8 21. Rhd1 Ke7 22. Kc2 Rd7 23. Kc3 Rb8
$15) 18. Bd3 Rab8 19. Bc2 $1 (19. Kc2 $2 Rb4 20. f4 Reb8 $17) 19... Ng6 $2 {
Here I have calculated terribly wrong.} (19... Rb4 20. f4) (19... Rf8 20. e4) (
19... g6 $1 20. f4 (20. h4 Nf5) 20... Kg7 $1 (20... f6 $2 21. exf6 Nf5 22. Bxf5
gxf5 23. Rhg1+ Kf7 24. Rg7+ Kxf6 25. Rxc7 Rb6) 21. e4 (21. h4 f6 22. h5 fxe5
23. fxe5 Kf7) 21... f6 22. exf6+ Kxf6 $15) 20. f4 f6 21. exf6 gxf6 {I have
never stopped and think.} (21... Rxe3 22. Rhg1 (22. f5 Nf4 23. Rhg1 Ne2+ 24.
Kd2 Nxg1 25. Kxe3 Re8+ 26. Kd4 Nf3+ 27. Kc5 Re2 $13 {was messy.}) 22... Kf7 23.
fxg7 Rg8 24. f5 Nf4 25. f6 Rh3 26. Rgf1 $1 $18 {was also not a picnic either.})
22. Rhg1 Kf7 23. Rg3 Rg8 (23... Ne7 24. Rdg1 $16) 24. Rdg1 (24. Rh3 $6 Rg7 25.
Rg1 Nf8 $14) 24... Ne7 (24... c5 25. Rh3 Nf8 26. Rd1 c6 27. e4 $16) 25. Rxg8
Rxg8 $4 (25... Nxg8 26. Bxh7 Ne7 27. Bc2 Rh8 $44) 26. Rxg8 Kxg8 27. b4 $1 $18 {
The a passe ended the game.} axb4 28. a5 Nc8 29. Bf5 Na7 30. Kc2 Kg7 (30... h6
31. Kb3 {was too fast.}) 31. Kb3 (31. e4 $142 $1 $18) 31... c5 32. Be6 (32. e4
$6 Nc6 33. Ka4 d4 34. Kb5 d3 35. Kxc6 c4 36. a6 c3 37. a7 d2 38. a8=Q d1=Q) (
32. a6 $5 {was the simplest.}) 32... c6 33. Bf5 h6 34. a6 Kf7 35. Ka4 Ke7 36.
Ka5 Kd6 37. Kb6 Nb5 38. a7 $5 (38. e4 $1 $18 {was again the simplest.}) 38...
Nc7 (38... Nxa7 39. Kxa7 Kc7 40. Ka6 c4 41. Ka5 c5 42. Kb5 Kd6 43. h4 $18) 39.
e4 {Anything would have won the game.} (39. b3 c4 40. bxc4 dxc4 41. e4 $18)
39... dxe4 40. Bxe4 c4 41. Kb7 (41. Bxc6 c3 (41... f5 42. Kb7) 42. bxc3 bxc3
43. Be4 $18) 41... c3 42. bxc3 bxc3 43. Bf5 h5 44. h4 c5 45. Bb1 c4 46. Bf5 1-0

[Event "Kavala op 20th"]
[Site "Kavala"]
[Date "2011.07.31"]
[Round "3"]
[White "Pavlidis, Antonios"]
[Black "Atalik, Suat"]
[Result "1/2-1/2"]
[WhiteElo "2420"]
[BlackElo "2619"]
[Annotator "Atalik,S"]
[PlyCount "85"]
[EventDate "2011.07.30"]
[EventType "swiss"]
[EventRounds "9"]
[EventCountry "GRE"]
[SourceTitle "CBM 143 Extra"]
[Source "ChessBase"]
[SourceDate "2011.08.29"]
[SourceVersion "1"]
[SourceVersionDate "2011.08.29"]
[SourceQuality "1"]

1. e4 e5 2. Nf3 Nc6 3. d4 exd4 4. Nxd4 Nf6 5. Nxc6 bxc6 6. e5 Qe7 7. Qe2 Nd5 8.
c4 Ba6 9. Qe4 $5 {Me and my beautiful friend Pavlidis meeting over the board
once again. He has chosen a weird move.} Nf6 {I was weighting up the
consequences of lines which might have continued with the fight, then I have
decided to repeat at least once.} (9... Nb6 10. Nc3) (9... Nb4 10. Nc3 Rd8 11.
c5 $5 (11. Kd1 $5) 11... Bxf1 12. Kxf1 Qxc5 13. Be3 Qa5 14. Bg5 Rb8 15. Rd1 $44
) 10. Qe2 Nd5 (10... Ng8 $6 11. b3 f6 12. Bb2 O-O-O {was in contention of my
thoughts.}) 11. b3 {He decided to play the main lines!} g6 12. f4 d6 13. Qd2 $5
(13. Qf2 Nf6 $1) 13... Nb6 14. Bb2 $1 {A typical policy for White in this
opening: He will end up losing the e5-pawn but good structure on the queenside
makes him to be at least fine.} dxe5 15. Be2 Bg7 16. Qa5 Bb7 17. O-O c5 18. Nd2
O-O 19. fxe5 Bxe5 (19... Nd7 20. Bf3 (20. Nf3 Nxe5) 20... Bxf3 21. Nxf3 Nxe5
22. Bxe5 Bxe5 23. Rae1 f6 24. Rf2 $44) 20. Bxe5 Qxe5 21. Bf3 Rab8 22. Qxa7 Ba8
$1 $36 {This is all I could have found.} 23. Kh1 {Draw offer.} Rfe8 24. Bxa8
Rxa8 25. Qb7 Rab8 26. Qf3 f5 27. Qf2 Qd4 28. Nf3 Qxf2 29. Rxf2 Nd7 30. Rd2 Nf6
31. Kg1 Ra8 32. Rd3 Ra3 $15 33. h3 Kg7 $6 ({I had to keep some control on my
7th rank.} 33... Kf8 $142 $15) 34. Rd2 h6 35. Re1 Rxe1+ 36. Nxe1 Ne4 37. Rd7+
Kf6 38. Rxc7 Rxa2 39. Nd3 Ra1+ 40. Kh2 Rb1 41. Nxc5 Nxc5 42. Rxc5 Rxb3 43. h4
$5 {This weird move surprised me and he offered a draw at the same time.} (43.
h4 f4 44. h5 g5 (44... gxh5 $11) 45. Rc6+ Kf5 46. Rxh6 g4 47. Rd6 $1 (47. Rh8
$2 Kg5 48. Kg1 Kh4 $19) 47... Rb2 (47... Kg5 48. h6 Rb1 49. g3 Rb2+ 50. Kg1
Rb1+ (50... fxg3 $4 51. h7 Rb8 52. c5 $18 {I was afraid of such a scenario.})
51. Kf2 Rb2+ 52. Ke1 fxg3 $11) 48. Rd5+ (48. h6 Rb1 (48... f3 49. h7) 49. g3
Rb2+ 50. Kg1 $11) 48... Kf6 49. h6 Kg6 50. Rd6+ Kh7 51. Rd4) 1/2-1/2